AK’s General Knowledge A-Z #84 - Statistics

General Stats
  • This quiz has been taken 273 times
  • The average score is 15 of 26
Answer Stats
Hint Answer % Correct
D – 2006 American comedy film The ____ Wears Prada Devil
96%
N – first name of Kidman (Moulin Rouge!, Australia, Paddington) Nicole
91%
M – goes around the Sun in about 88 Earth days Mercury
88%
P – 2, 3, 5, 7, 11, 13, 17, 19, 23, 29, 31, 37, 41, 43, 47, 53, etc. Prime numbers
84%
G – B.B. King’s instrument Guitar
81%
T – the Earth’s lithosphere comprises a number of large ________ plates which slowly move (the theory is called plate ________s) Tectonic
78%
V – part of a helmet that protects the eyes Visor
76%
J – first name of Australian golfer Day, or the leader of the Argonauts Jason
73%
S – golden ball used in Quidditch, or what you can do on a criminal you know Snitch
71%
I – Love ______, dating reality show that originated in the U.K. in 2005 as Celebrity Love ______ Island
69%
W – online seminar, which can be pre-recorded or live streamed Webinar
68%
H – speed, or what makes waste Haste
67%
E – momentously heroic, or American video game and software developer ____ Games Epic
62%
B – country within the Lucayan Archipelago of the West Indies The Bahamas
60%
R – a fugitive, or a song by Bon Jovi, Kanye West or Aurora Runaway
59%
C – precedes sick, follows box Car
50%
A – ancient in Dutch, or audibly in English Aloud
48%
K – Africa’s largest city south of the Equator Kinshasa
48%
L – a common English title of Marcel Proust’s A la recherche de temps perdu is In Search of ____ ____ Lost Time
45%
F – William who wrote The Sound and the Fury and Absalom, Absalom! Faulkner
42%
U – art museum in the Historic Centre of Florence; the name means offices Uffizi
32%
O – river in western Siberia; together with Irtysh it forms the world’s 7th-longest river system Ob
31%
Y – de facto capital of Nauru Yaren
30%
Q – “City of Presidents” in Massachusetts Quincy
26%
Z – common name for flowering plant Zamioculcas is __ plant ZZ
5%
X – photocopy in German (based on a well-known trademark) Xerokopie
1%
No matching quizzes found
Score Distribution
Percent of People with Each Score
Percentile by Number Answered
Your Score History
You have not taken this quiz